| 000 | 00528nam a2200181Ia 4500 | ||
|---|---|---|---|
| 003 | GCL | ||
| 008 | 140319s9999 xx 000 0 ara d | ||
| 040 |
_aGCL / _cGCL |
||
| 082 | 0 | 4 |
_a258.6 _bن ت |
| 100 | 1 | _aمحمد حسن الاعظمى | |
| 245 | 1 | 0 |
_aتاويل الدعائم: الجزء الثانى / _cمحمد حسن الاعظمى |
| 700 | 1 | _aالنعمان بن محمد | |
| 300 | _a133 ص | ||
| 490 |
_aدار المعارف _v0 |
||
| 650 | 0 | 4 | _aفقه الشيعة |
| 650 | 0 | 4 | _aالشيعة |
| 942 |
_2ddc _cBK |
||
| 999 |
_c50663 _d50663 |
||